Zásady vedeckého riadenia v práci vedúceho prevádzkovej jednotky učebný text pre kvalifikačné kurzy obchodnoprevádzkových pracovníkov

Bibliographic Details
Main Author: Pártl, Otakar (Author)
Format: Book
Language:Slovak
PhysicalDescription:109 s. 29 cm
Published: Bratislava Šport 1979
Edition:2. vyd.
Series:Vzdelávanie a výchova v odvetví vnútorného obchodu SSR
Subjects:

MARC

LEADER 00000cam a2200000 a 4500
001 vtls001116192
003 SK-MaSNL
005 20260301140837.0
008 250313s1979 xo f 00000 slo
015 |a SNBA1979 
035 |a SNK000059035 
035 |a urn:nbn:sk:snk-amkzfj 
035 |a urn:nbn:sk:snk-am008p3a 
035 |a 8F7C4613-D0AE-42CC-939F-A0A05EC35564 
040 |a SNK  |b slo  |c SNK  |e AACR2 
041 0 |a slo 
044 |a xo  |c SK 
080 |a 339.3:65.01(075.4)  |2 1981 
080 |a 65.01(075.4)  |2 1981 
080 |a 65.01  |2 1981 
080 |a 339.3(075.4)  |2 1981 
100 1 |a Pártl, Otakar  |4 aut  |9 494012 
245 1 0 |a Zásady vedeckého riadenia v práci vedúceho prevádzkovej jednotky  |b učebný text pre kvalifikačné kurzy obchodnoprevádzkových pracovníkov  |c Otakar Pártl 
250 |a 2. vyd. 
260 |a Bratislava  |b Šport  |c 1979 
300 |a 109 s.  |c 29 cm 
366 |e 4700 výt. 
490 1 |a Vzdelávanie a výchova v odvetví vnútorného obchodu SSR 
504 |a Bibliogr. odkazy 
650 0 7 |a vnútorný obchod  |2 SNKPH  |9 2197 
650 0 7 |a racionalizácia  |2 SNKPH  |9 938 
650 0 7 |a kvalifikačné kurzy  |2 SNKPH  |9 494013 
655 7 |a učebné texty  |2 SNKPH  |9 70568 
830 0 |a Vzdelávanie a výchova v odvetví vnútorného obchodu SSR  |9 279159 
852 |a Slovenská národná knižnica 
958 |a OND 
958 |a TL 
958 |a NB 
999 |c 765201  |d 767131 
952 |a SNK  |b SNK  |y PREZ  |7 0  |p 17A0971959  |o snkSB 28338  |i snkKSP 4457/79  |0 0  |1 0  |4 0  |d 2014-08-06  |f 1  |l 0  |r 2025-04-02 00:00:00  |w 2026-02-24